000 01056nam2a22002171 4500
001 RU\NLR\A1SV\28310
005 20251203152403.2
035 _a(NLR Aleph) 009712249
090 _a13479187
_c13479187
100 _a19800705d1923 u y0rusy50 ca
101 0 _arus
200 0 _aЧ.1
_eС 9 рис. в тексте
210 _d1923
215 _aVIII, 294 с.
_cил.
461 1 _1001RU\NLR\A1SV\28309
_12000#$aКлинические лекции$eКурс фак. терапевт. клиники$fВ.И.Глинчиков, проф. Гос. ин-та мед. знаний$vЧ.1
_1700#1$aГлинчиков$bВ.И.$f1878-1933$gВладимир Игнатьевич$4070
_99839110
_aГлинчиков, В.И. (1878-1933)
_cПг.
_d1923-1930
_fВ.И.Глинчиков, проф. Гос. ин-та мед. знаний
_nПракт. медицина
_oКурс фак. терапевт. клиники
_tКлинические лекции
_vЧ.1
801 0 _aRU
_bNLR
_c19800705
852 _aNLR
_j7/11
942 _cBOOK
980 _aA1SV
980 _aNB